| 000 | 00835cam a22001814a 4500 | ||
|---|---|---|---|
| 005 | 20250605164030.0 | ||
| 008 | 250528s ||||||||||||||||||||||||d | ||
| 035 | _a16599 | ||
| 040 |
_aGR-AtMCL _bgre _dGR-AtMCL _eAACR2 |
||
| 245 | 1 | _aΦιλοσοφία της Ιστορίας / Παραδόσεις Μέρος Α' | |
| 300 | _a96 | ||
| 520 | _aΔιανέμεται δωρεάν υπό της Εθνικής Κυβερνήσεως. Εισαγωγή, Η Εποχή του Μεσαίωνος, Η Εποχή της Αναγεννήσεως, Η Εποχή του Διαφωτισμού, Η Εποχή του Γερμανικού Ιδεαλισμού, Επίλογος, Βιβλιογραφία. | ||
| 700 | 1 |
_aΑντωνόπουλος Γ.Ι _92688 |
|
| 942 | _cBK | ||
| 260 | _bΣάκκουλα | ||
| 999 |
_c2081 _d2081 |
||